00830nam a2200253Ia 4500003000400000005001700004008004100021020001500062040000700077041000800084082002200092100003100114245005900145260003800204300001200242365001300254650001900267650002200286700003200308906006400340942001200404999001900416952014100435OSt20250708131448.0210423s2006 xx 000 0 und d a8131506622 cAL aeng a070.19 223bEASE aSusan Tyler Eastman986106 aElectronic media: programming strategies and practices aNew DelhibCengage Learningc2006 a441bPB b395cINR aGeneral986107 aMass Media986108 aFerguson, Douglas A9217756 aElectronic ; media: ; practices. ; programming ; strategies 2ddccBK c157159d157159 00102ddc40708MAJMCaSACPGbSACPGd2009-09-29eKnowledge Worldg395.00l0o070.19 EASEpPG003635r2022-08-24 00:00:00w2021-04-26yBK